| 000 -LEADER |
| fixed length control field |
00515nam a2200181Ia 4500 |
| 008 - FIXED-LENGTH DATA ELEMENTS--GENERAL INFORMATION |
| fixed length control field |
181130s2018 xx 000 0 und d |
| 100 ## - MAIN ENTRY--PERSONAL NAME |
| Personal name |
Verwimp, Philip |
| 245 ## - TITLE STATEMENT |
| Title |
Returning home after civil war: |
| Remainder of title |
food security and nutrition among Burundian households |
| 260 ## - PUBLICATION, DISTRIBUTION, ETC. |
| Date of publication, distribution, etc. |
2018 |
| 300 ## - PHYSICAL DESCRIPTION |
| Extent |
p.1019-1040. |
| 504 ## - BIBLIOGRAPHY, ETC. NOTE |
| -- |
Jun |
| 650 ## - SUBJECT ADDED ENTRY--TOPICAL TERM |
| Topical term or geographic name entry element |
Civil war |
| 650 ## - SUBJECT ADDED ENTRY--TOPICAL TERM |
| Topical term or geographic name entry element |
Food security |
| 650 ## - SUBJECT ADDED ENTRY--TOPICAL TERM |
| Topical term or geographic name entry element |
Nutrition |
| 700 ## - ADDED ENTRY--PERSONAL NAME |
| Personal name |
Munoz-Mora, Juan Carlos |
| 773 ## - HOST ITEM ENTRY |
| Main entry heading |
Journal of Development Studies |
| 906 ## - LOCAL DATA ELEMENT F, LDF (RLIN) |
| a |
Food security |